Kỹ thuật biên tập - dựng phim và làm đĩa Karaoke bằng Adobe Premiere Pro CS4
Trình bày những thủ thuật, công cụ trong Power Retouche giúp chỉnh sửa, xử lí ảnh nhanh và bắt mắt hơn. Ngoài ra, bạn đọc còn học được các thủ thuật chỉnh sửa khác như : Neat image, Auto Mask, Corel KnockOut, SkinTune...
Spremljeno u:
| Glavni autor: | |
|---|---|
| Daljnji autori: | |
| Jezik: | Undetermined |
| Izdano: |
Hà Nội
Lao động - Xã hội
2010
|
| Teme: | |
| Oznake: |
Dodaj oznaku
Bez oznaka, Budi prvi tko označuje ovaj zapis!
|
| Thư viện lưu trữ: | Trung tâm Học liệu Trường Đại học Trà Vinh |
|---|
| LEADER | 01153nam a2200265Ia 4500 | ||
|---|---|---|---|
| 001 | TVU_3349 | ||
| 008 | 210423s9999 xx 000 0 und d | ||
| 041 | |a Vie | ||
| 082 | |a 6.6 | ||
| 082 | |b C561 | ||
| 100 | |a Vũ, Đình Cường | ||
| 245 | 0 | |a Kỹ thuật biên tập - dựng phim và làm đĩa Karaoke bằng Adobe Premiere Pro CS4 | |
| 245 | 0 | |c Vũ Đình Cường (chủ biên) ; Phương Lan (hiệu đính) | |
| 260 | |a Hà Nội | ||
| 260 | |b Lao động - Xã hội | ||
| 260 | |c 2010 | ||
| 300 | |a 295 tr. | ||
| 300 | |b Minh họa | ||
| 300 | |c 24 cm | ||
| 504 | |a Phụ chú: tr.7-12 | ||
| 520 | |a Trình bày những thủ thuật, công cụ trong Power Retouche giúp chỉnh sửa, xử lí ảnh nhanh và bắt mắt hơn. Ngoài ra, bạn đọc còn học được các thủ thuật chỉnh sửa khác như : Neat image, Auto Mask, Corel KnockOut, SkinTune... | ||
| 650 | |a Hệ thống truyền thông đa phương tiện; Điện ảnh; Đồ họa vi tính; Video kỹ thuật số | ||
| 700 | |a Vũ Đình Cường ; Phương Lan | ||
| 700 | |e Hiệu đính | ||
| 980 | |a Trung tâm Học liệu Trường Đại học Trà Vinh | ||